El Panamericanismo: su evolución histórica y esencia
Tallennettuna:
| Yhteisötekijä: | |
|---|---|
| Aineistotyyppi: | Teksti |
| Julkaistu: |
Moscú:
Academia de Ciencias de la URSS
|
| Painos: | 2 |
| Tagit: |
Lisää tagi
Ei tageja, Lisää ensimmäinen tagi!
|
MARC
| LEADER | 00000 a a2200000 04500 | ||
|---|---|---|---|
| 001 | 25009 | ||
| 003 | |||
| 040 | |||
| 090 | |a 176900 | ||
| 110 | |a Academia de Ciencias de la URSS | ||
| 245 | |a El Panamericanismo: su evolución histórica y esencia | ||
| 250 | |a 2 | ||
| 260 | |a Moscú: |b Academia de Ciencias de la URSS | ||
| 300 | |a 223 p. | ||
| 999 | |c 1495 |d 1495 | ||
